Declaración final del evento El ALCA, la iglesia y el pueblo creyente
Gespeichert in:
| Format: | Text |
|---|---|
| Schlagworte: | |
| Tags: |
Tag hinzufügen
Keine Tags, Fügen Sie den ersten Tag hinzu!
|
MARC
| LEADER | 00000 a a2200000 04500 | ||
|---|---|---|---|
| 001 | 4419 | ||
| 003 | |||
| 040 | |||
| 245 | |a Declaración final del evento El ALCA, la iglesia y el pueblo creyente | ||
| 650 | |a ALCA | ||
| 650 | |a IGLESIA | ||
| 650 | |a JUSTICIA SOCIAL | ||
| 773 | |g volumen 15, número 30; páginas 178-181 | ||
| 999 | |c 34757 |d 34757 | ||
